书目信息 |
| 题名: |
国外私立教育
|
|
| 作者: | 谢安邦 , 曲艺 主编 | |
| 分册: | ||
| 出版信息: | 北京 中国社会科学出版社 2003.05 |
|
| 页数: | 334页 | |
| 开本: | 20cm | |
| 丛书名: | 七方民办教育丛书 | |
| 单 册: | ||
| 中图分类: | G , G512.72 | |
| 科图分类: | ||
| 主题词: | 教育事业--世界 | |
| 电子资源: | ||
| ISBN: | 7-5004-3814-1 | |
| 000 | 00688nam0 2200241 45 | |
| 001 | 0458878142 | |
| 005 | 2004031716211787 | |
| 010 | @a7-5004-3814-1@dRMB 29.20 | |
| 100 | @a20040317d2003 km y0chiy0120 ea | |
| 101 | 0 | @achi |
| 102 | @aCN@b110000 | |
| 200 | 1 | @a国外私立教育@AGuo Wai Si Li Jiao Yu@f谢安邦,曲艺主编@FXie An Bang,Qu Yi Zhu Bian |
| 210 | @a北京@c中国社会科学出版社@d2003.05 | |
| 215 | @a334页@d20cm | |
| 225 | 2 | @a七方民办教育丛书 |
| 410 | 0 | @12001 @a七方民办教育丛书 |
| 606 | 0 | @a教育事业@x世界 |
| 690 | @aG@v3 | |
| 690 | @aG512.72@v4 | |
| 701 | 0 | @a谢安邦@AXie An Bang@4主编 |
| 701 | 0 | @a曲艺@AQu Yi@4主编 |
| 801 | 0 | @aCN@bPFT@c20040317 |
| 905 | @a@dG512.72@eX420 | |
| 国外私立教育/谢安邦,曲艺主编.-北京:中国社会科学出版社,2003.05 |
| 334页;20cm.-(七方民办教育丛书) |
| ISBN 7-5004-3814-1:RMB 29.20 |
| ● |
| 相关链接 |
|
|
|
正题名:国外私立教育
索取号:G512.72/X420
 
预约/预借
| 序号 | 登录号 | 条形码 | 馆藏地/架位号 | 状态 | 备注 |
| 1 | 374845 | 203748454 | 社科库409/409社科库 5排1列5层/ [索取号:G512.72/X420] | 在馆 |